000 00600 a2200181 4500
999 _c183393
_d183393
005 20211224104053.0
010 _aENG-130583
020 _a978-934-5460-155-2
_c845.00
035 _aEN-114115
037 _bDBAD/PUB
082 _a658.4038011
100 _aBaltzan, Paige
245 _aBusiness Driven Information System:
_cPaige Baltzan
260 _aChennai
_bMcGraw Hill Education(india) Private Limited
_c2022
270 _aAnjana Complex No.5 /90 A, Butt Road, St. Thomas Mount
_bChennai
_e600016
300 _a560p.
_c28cm (pbk)
942 _adpl
_cEN
_2ddc
_h358.4038011
_mBAL